[Event "España tch - Primera B"]
[Site "Burguillos ESP"]
[Date "2010.08.09"]
[Round "1.11"]
[White "Marin, Mihail"]
[Black "Alvarez Pedraza, Aramis"]
[Result "1/2-1/2"]
[WhiteElo "2597"]
[BlackElo "2496"]
[PlyCount "94"]
[EventDate "2010.08.09"]
[EventType "team"]
[EventRounds "5"]
[EventCountry "ESP"]
[Source "lmi"]
[SourceDate "2010.08.09"]
[WhiteTeam "FOMENT MARTINENC"]
[BlackTeam "C. E. LLEIDA"]

1. d4 Nf6 2. Nf3 e6 3. e3 b6 4. Bd3 Bb7 5. O-O c5 6. c4 Be7 7. b3 O-O 8. Bb2 d6
9. Nc3 cxd4 10. exd4 Re8 11. d5 e5 12. Nd2 Nbd7 13. b4 Nf8 14. f4 exf4 15. Rxf4
N6d7 16. Nf3 Ne5 17. Nb5 a6 18. Nbd4 b5 19. cxb5 Bxd5 20. Nf5 Bf6 21. N3d4 Nfg6
22. Rf2 Nxd3 23. Qxd3 Be4 24. Qb3 Ne5 25. Raf1 Kh8 26. Nc6 Qc7 27. Rc1 Qd7 28.
Nxe5 Bxe5 29. Bxe5 Rxe5 30. Nd4 Bd5 31. Qd3 axb5 32. Qxb5 Qg4 33. Nc6 Qg5 34.
Qf1 Ree8 35. b5 Rxa2 36. Re1 Rxe1 37. Qxe1 h5 38. Rxa2 Bxa2 39. Qe8+ Kh7 40.
Qe4+ g6 41. Nd4 Bd5 42. Qe2 Qf4 43. Qf2 Qc1+ 44. Qf1 Qe3+ 45. Qf2 Qc1+ 46. Qf1
Qe3+ 47. Qf2 Qc1+ 1/2-1/2

[Event "España tch - Primera B"]
[Site "Burguillos ESP"]
[Date "2010.08.09"]
[Round "1.12"]
[White "Pozo Vera, Sandro"]
[Black "Llaneza Vega, Marcos"]
[Result "1-0"]
[WhiteElo "2453"]
[BlackElo "2470"]
[PlyCount "79"]
[EventDate "2010.08.09"]
[EventType "team"]
[EventRounds "5"]
[EventCountry "ESP"]
[Source "lmi"]
[SourceDate "2010.08.09"]
[WhiteTeam "C. E. LLEIDA"]
[BlackTeam "FOMENT MARTINENC"]

1. d4 Nf6 2. Nf3 g6 3. c4 Bg7 4. g3 O-O 5. Bg2 c6 6. Nc3 d6 7. O-O Qb6 8. b3 e5
9. d5 e4 10. Ng5 cxd5 11. cxd5 Ng4 12. Bb2 e3 13. f3 Nf6 14. Qc1 Nbd7 15. Nge4
Nxe4 16. Nxe4 Bxb2 17. Qxb2 f5 18. Ng5 Nf6 19. f4 h6 20. Nf3 Bd7 21. Nd4 Rac8
22. Rac1 Kf7 23. Rfd1 Qa5 24. b4 Qa4 25. Bf3 h5 26. Kg2 Rfe8 27. a3 a6 28. Qa1
a5 29. Qb2 axb4 30. axb4 Rxc1 31. Rxc1 Ra8 32. Rc3 Qd1 33. Nc2 Ng4 34. Rd3 Qd2
35. Rxd2 exd2 36. Qd4 Ra2 37. Bxg4 Rxc2 38. Bf3 Ba4 39. Kh3 Ra2 40. e3 1-0

[Event "España tch - Primera B"]
[Site "Burguillos ESP"]
[Date "2010.08.09"]
[Round "1.13"]
[White "Torrecillas Martinez, Antonio"]
[Black "Trepat Herranz, Joan"]
[Result "1/2-1/2"]
[WhiteElo "2421"]
[BlackElo "2322"]
[PlyCount "117"]
[EventDate "2010.08.09"]
[EventType "team"]
[EventRounds "5"]
[EventCountry "ESP"]
[Source "lmi"]
[SourceDate "2010.08.09"]
[WhiteTeam "FOMENT MARTINENC"]
[BlackTeam "C. E. LLEIDA"]

1. e4 c6 2. d4 d5 3. exd5 cxd5 4. c4 Nf6 5. Nc3 Nc6 6. Nf3 Bg4 7. cxd5 Nxd5 8.
Qb3 Bxf3 9. gxf3 e6 10. Qxb7 Nxd4 11. Bb5+ Nxb5 12. Qc6+ Ke7 13. Qxb5 Nxc3 14.
bxc3 Rb8 15. Qc5+ Ke8 16. Qxa7 Bd6 17. Bf4 Bxf4 18. Qa4+ Ke7 19. Qxf4 Qd3 20.
Qg5+ Ke8 21. Rd1 Rb1 22. Qd2 Rxd1+ 23. Qxd1 Qxc3+ 24. Kf1 Ke7 25. Kg2 Qe5 26.
Qd2 Rd8 27. Qb4+ Kf6 28. Re1 Qd4 29. Qb1 g6 30. Re4 Qd2 31. Qa1+ Ke7 32. a4
Qg5+ 33. Rg4 Qa5 34. Qa3+ Kf6 35. Qb2+ Ke7 36. Qg7 Rd2 37. Qh6 Ra2 38. Qh4+ Kf8
39. Rf4 Qe5 40. Rc4 Kg7 41. Qd8 Qe3 42. Qh4 h6 43. Qg3 Qg5 44. Rg4 Qc5 45. h4
Ra1 46. Qf4 Qc1 47. Qxc1 Rxc1 48. Rf4 Ra1 49. Kg3 f5 50. Rb4 Kf6 51. f4 Ra3+
52. f3 Ra2 53. Rc4 Rb2 54. Rc6 Ra2 55. Ra6 Ra3 56. a5 g5 57. fxg5+ hxg5 58.
hxg5+ Kxg5 59. Rxe6 1/2-1/2

[Event "España tch - Primera B"]
[Site "Burguillos ESP"]
[Date "2010.08.09"]
[Round "1.14"]
[White "Adel Lahchaichi, Oussama"]
[Black "Jerez Perez, Alfonso"]
[Result "0-1"]
[WhiteElo "2266"]
[BlackElo "2415"]
[PlyCount "122"]
[EventDate "2010.08.09"]
[EventType "team"]
[EventRounds "5"]
[EventCountry "ESP"]
[Source "lmi"]
[SourceDate "2010.08.09"]
[WhiteTeam "C. E. LLEIDA"]
[BlackTeam "FOMENT MARTINENC"]

1. c4 Nf6 2. g3 d5 3. cxd5 Nxd5 4. Bg2 g6 5. Nc3 Nxc3 6. bxc3 Bg7 7. Rb1 Nc6 8.
Qa4 O-O 9. Nh3 Qd7 10. O-O Nd8 11. Qxd7 Bxd7 12. Nf4 c6 13. a4 b6 14. a5 Rb8
15. axb6 axb6 16. Ba3 Re8 17. Bc5 b5 18. Be3 e5 19. Nd3 Ne6 20. f4 exf4 21.
gxf4 Rec8 22. Ne5 Be8 23. d4 Ra8 24. Rfc1 Bh6 25. Nd3 Ra4 26. Rf1 Ra3 27. Rbc1
Rd8 28. Rc2 Rda8 29. Nb4 Rc8 30. Bc1 Ra1 31. Nd3 Bf8 32. e3 Rca8 33. c4 bxc4
34. Rxc4 R8a4 35. Rc3 Ra6 36. Ne5 c5 37. d5 Nc7 38. Nc4 f5 39. Rd1 Nb5 40. Rcd3
Nd6 41. Ne5 Rb1 42. Rc3 Nb5 43. Rc2 Raa1 44. Rf1 Rb3 45. d6 Rc3 46. Bd5+ Kg7
47. d7 Bxd7 48. Rxc3 Nxc3 49. Bc4 Be8 50. Bb2 Rxf1+ 51. Kxf1 Na4 52. Ba1 Be7
53. Ke2 Bf6 54. Kd3 Nb6 55. Be6 Bb5+ 56. Kc2 Ba6 57. Bc3 Bb7 58. Kb3 Bd5+ 59.
Bxd5 Nxd5 60. Bd2 Bxe5 61. fxe5 Kf7 0-1

[Event "España tch - Primera B"]
[Site "Burguillos ESP"]
[Date "2010.08.10"]
[Round "2.11"]
[White "Alvarez Pedraza, Aramis"]
[Black "Borisek, Jure"]
[Result "1-0"]
[WhiteElo "2496"]
[BlackElo "2538"]
[PlyCount "57"]
[EventDate "2010.08.09"]
[EventType "team"]
[EventRounds "5"]
[EventCountry "ESP"]
[Source "lmi"]
[SourceDate "2010.08.09"]
[WhiteTeam "C. E. LLEIDA"]
[BlackTeam "UNIVERSIDAD DE OVIEDO"]

1. e4 e5 2. Nf3 Nc6 3. Nc3 Nf6 4. Bb5 Bd6 5. O-O O-O 6. d3 h6 7. Ne2 a6 8. Ba4
Re8 9. Ng3 b5 10. Bb3 Na5 11. Re1 Nxb3 12. axb3 Bb7 13. h3 Bf8 14. c4 d6 15.
Nh2 c5 16. f4 Bc6 17. f5 Re7 18. Nh5 Nxh5 19. Qxh5 f6 20. Re3 Be8 21. Qh4 Rb7
22. Rg3 Kf7 23. Ng4 Ke7 24. Bxh6 Kd7 25. Bc1 a5 26. Ne3 Kc8 27. Qh8 Bc6 28. h4
Rf7 29. Nd5 1-0

[Event "España tch - Primera B"]
[Site "Burguillos ESP"]
[Date "2010.08.10"]
[Round "2.13"]
[White "Trepat Herranz, Joan"]
[Black "Andres Gonzalez, Ivan"]
[Result "1/2-1/2"]
[WhiteElo "2322"]
[BlackElo "2326"]
[PlyCount "32"]
[EventDate "2010.08.09"]
[EventType "team"]
[EventRounds "5"]
[EventCountry "ESP"]
[Source "lmi"]
[SourceDate "2010.08.09"]
[WhiteTeam "C. E. LLEIDA"]
[BlackTeam "UNIVERSIDAD DE OVIEDO"]

1. d4 d5 2. c4 e6 3. Nf3 dxc4 4. e3 Nf6 5. Bxc4 Be7 6. O-O O-O 7. Nc3 c5 8. Qe2
cxd4 9. Rd1 a6 10. Nxd4 Qc7 11. Bd2 Bd7 12. Rac1 Nc6 13. Be1 Rac8 14. Nxc6 Bxc6
15. Bb3 Rfd8 16. Rxd8+ Rxd8 1/2-1/2

[Event "España tch - Primera B"]
[Site "Burguillos ESP"]
[Date "2010.08.10"]
[Round "2.14"]
[White "Recuero Guerra, Javier"]
[Black "Adel Lahchaichi, Oussama"]
[Result "0-1"]
[WhiteElo "2306"]
[BlackElo "2266"]
[PlyCount "245"]
[EventDate "2010.08.09"]
[EventType "team"]
[EventRounds "5"]
[EventCountry "ESP"]
[Source "lmi"]
[SourceDate "2010.08.09"]
[WhiteTeam "UNIVERSIDAD DE OVIEDO"]
[BlackTeam "C. E. LLEIDA"]

1. d4 Nf6 2. Bf4 g6 3. e3 Bg7 4. h3 c5 5. c3 b6 6. Be2 Bb7 7. Nf3 O-O 8. O-O d6
9. Nbd2 Nbd7 10. Bh2 Rc8 11. a4 a6 12. Re1 Rc7 13. Bf1 Qa8 14. Qe2 Ne4 15. Nxe4
Bxe4 16. Qxa6 Ra7 17. Qc4 b5 18. Qxb5 Rb8 19. Qe2 Rxa4 20. Rxa4 Qxa4 21. Ng5
Bc2 22. Qc4 Qxc4 23. Bxc4 Bb3 24. Bd3 c4 25. Bf1 Ba2 26. Ra1 Rxb2 27. Nxf7 Nb6
28. Ng5 Nd5 29. Ne4 Rc2 30. Bg3 h6 31. Rxa2 Rxa2 32. Bxc4 Ra1+ 33. Kh2 e6 34.
Nxd6 Nxc3 35. Bxe6+ Kf8 36. Nc4 Ke7 37. d5 Rd1 38. Nb6 Rb1 39. Nc4 Rb5 40. Nd6
Rb1 41. Nc4 Rd1 42. Nb6 Rb1 43. Bc7 Rb2 44. Bg8 Nb5 45. d6+ Kf8 46. d7 Bf6 47.
Nd5 Nxc7 48. Nxf6 Ke7 49. Ne4 Kxd7 50. Bf7 Rb6 51. Kg3 Ke7 52. Bc4 Rb4 53. Nd2
Ne8 54. h4 Nd6 55. Bd3 Kf6 56. f3 Rb2 57. Nc4 Nxc4 58. Bxc4 Rc2 59. Bd5 Re2 60.
e4 g5 61. h5 Re1 62. Kg4 Ke5 63. g3 Rf1 64. Bc4 Rf2 65. Bb5 Rg2 66. Be8 Kd4 67.
f4 gxf4 68. Kxf4 Rf2+ 69. Kg4 Kxe4 70. Bg6+ Ke3 71. Be8 Rg2 72. Bc6 Rg1 73. Be8
Kf2 74. Bg6 Rxg3+ 75. Kf4 Rg5 76. Be8 Kg2 77. Bg6 Kh3 78. Be8 Kh4 79. Bg6 Ra5
80. Be8 Ra8 81. Bg6 Rf8+ 82. Ke3 Kg4 83. Ke4 Rf4+ 84. Ke3 Kg3 85. Ke2 Rf3 86.
Be8 Rf2+ 87. Ke3 Rf6 88. Bg6 Re6+ 89. Kd3 Kf4 90. Bf7 Re3+ 91. Kd2 Kf3 92. Bg6
Kf2 93. Kd1 Re5 94. Bf7 Rf5 95. Bg6 Rd5+ 96. Kc2 Kg3 97. Kc3 Kf4 98. Kc4 Ke5
99. Kc3 Rd4 100. Kc2 Kf4 101. Be8 Ke3 102. Bg6 Rd5 103. Bf7 Rd2+ 104. Kc1 Rd7
105. Be8 Re7 106. Bg6 Ke2 107. Kc2 Rc7+ 108. Kb3 Ke3 109. Kb4 Kd4 110. Kb3 Rc4
111. Kb2 Rc3 112. Bh7 Rc5 113. Bg6 Ke3 114. Kb3 Kd4 115. Kb2 Ke5 116. Kb3 Kf6
117. Kb4 Rc1 118. Kb5 Kg7 119. Kb4 Rc6 120. Be8 Re6 121. Bb5 Re5 122. Bd3 Rxh5
123. Bg6 0-1

[Event "España tch - Primera B"]
[Site "Burguillos ESP"]
[Date "2010.08.10"]
[Round "2.21"]
[White "Aleksandrov, Aleksej"]
[Black "Peralta, Fernando"]
[Result "1-0"]
[WhiteElo "2642"]
[BlackElo "2570"]
[PlyCount "75"]
[EventDate "2010.08.09"]
[EventType "team"]
[EventRounds "5"]
[EventCountry "ESP"]
[Source "lmi"]
[SourceDate "2010.08.09"]
[WhiteTeam "CAJACANARIAS"]
[BlackTeam "C. E. CERDANYOLA DEL VALLES"]

1. d4 d5 2. c4 c6 3. Nf3 Nf6 4. e3 Bg4 5. Nc3 e6 6. h3 Bxf3 7. Qxf3 Bd6 8. g4
Bb4 9. Bd3 O-O 10. Bd2 Nbd7 11. a3 Bxc3 12. Bxc3 Nb6 13. Ba5 e5 14. cxd5 Re8
15. dxe5 Rxe5 16. Bc3 Rxd5 17. Bc2 Qe7 18. O-O Re8 19. e4 Rdd8 20. Rae1 Nfd7
21. Qg3 Nc5 22. Bb4 Nbd7 23. e5 Qe6 24. Re3 Qa2 25. Rd1 g6 26. Qh4 Qxb2 27. Rd2
Qc1+ 28. Kh2 Ne6 29. Bb3 c5 30. Rd1 Qb2 31. Rd2 Qc1 32. Bc3 Ndf8 33. Ba4 Qxa3
34. Bxe8 Rxe8 35. Qf6 Qb3 36. Rf3 Rc8 37. Qxf7+ Kh8 38. Rb2 1-0

[Event "España tch - Primera B"]
[Site "Burguillos ESP"]
[Date "2010.08.10"]
[Round "2.22"]
[White "Lafuente, Pablo"]
[Black "Korneev, Oleg"]
[Result "1/2-1/2"]
[WhiteElo "2578"]
[BlackElo "2543"]
[PlyCount "52"]
[EventDate "2010.08.09"]
[EventType "team"]
[EventRounds "5"]
[EventCountry "ESP"]
[Source "lmi"]
[SourceDate "2010.08.09"]
[WhiteTeam "C. E. CERDANYOLA DEL VALLES"]
[BlackTeam "CAJACANARIAS"]

1. d4 d5 2. c4 c6 3. Nf3 Nf6 4. Nc3 e6 5. Qd3 dxc4 6. Qxc4 b5 7. Qd3 a6 8. Bg5
Bb7 9. e4 c5 10. d5 h6 11. Bh4 c4 12. Qe3 g5 13. Bg3 Nbd7 14. dxe6 fxe6 15. e5
Bc5 16. Nd4 Qb6 17. O-O-O Nd5 18. Qd2 Nxc3 19. Qxc3 O-O-O 20. Be2 Bxg2 21. Rhg1
Bd5 22. b4 Bxd4 23. Rxd4 Nb8 24. Rgd1 Nc6 25. R4d2 Kb7 26. f4 Rhf8 1/2-1/2

[Event "España tch - Primera B"]
[Site "Burguillos ESP"]
[Date "2010.08.10"]
[Round "2.23"]
[White "Fernandez Garcia, Jose Luis"]
[Black "Comas Fabrego, Lluis"]
[Result "1/2-1/2"]
[WhiteElo "2435"]
[BlackElo "2509"]
[PlyCount "68"]
[EventDate "2010.08.09"]
[EventType "team"]
[EventRounds "5"]
[EventCountry "ESP"]
[Source "lmi"]
[SourceDate "2010.08.09"]
[WhiteTeam "CAJACANARIAS"]
[BlackTeam "C. E. CERDANYOLA DEL VALLES"]

1. e4 d6 2. d4 g6 3. Nc3 Bg7 4. f4 a6 5. Nf3 b5 6. Bd3 Nd7 7. a4 b4 8. Ne2 c5
9. c3 Bb7 10. cxb4 cxd4 11. Nexd4 Ngf6 12. Qe2 O-O 13. a5 e5 14. fxe5 dxe5 15.
Nc2 Nh5 16. g3 f5 17. O-O Qe8 18. Ng5 f4 19. Ra3 Kh8 20. Bc4 Qe7 21. Nh3 Rac8
22. Rc3 Ndf6 23. Nf2 fxg3 24. hxg3 Ne8 25. Kh2 Nd6 26. Bd3 Rcd8 27. Be3 Nf4 28.
Qe1 Nxd3 29. Rxd3 Nxe4 30. Rxd8 Qxd8 31. Nxe4 Rxf1 32. Qxf1 Bxe4 33. Qc4 Bd3
34. Qc5 h5 1/2-1/2

[Event "España tch - Primera B"]
[Site "Burguillos ESP"]
[Date "2010.08.10"]
[Round "2.24"]
[White "Castellet Giralt, Gabriel"]
[Black "Cabrera Trujillo, Jorge"]
[Result "1/2-1/2"]
[WhiteElo "2229"]
[BlackElo "2365"]
[PlyCount "102"]
[EventDate "2010.08.09"]
[EventType "team"]
[EventRounds "5"]
[EventCountry "ESP"]
[Source "lmi"]
[SourceDate "2010.08.09"]
[WhiteTeam "C. E. CERDANYOLA DEL VALLES"]
[BlackTeam "CAJACANARIAS"]

1. d4 Nf6 2. c4 g6 3. Nc3 Bg7 4. e4 d6 5. f4 O-O 6. Nf3 c5 7. dxc5 Qa5 8. Bd3
Qxc5 9. Qe2 Nc6 10. Be3 Qa5 11. O-O Ng4 12. Bd2 Qb6+ 13. Kh1 Qxb2 14. Nb5 a6
15. Rfb1 Qf6 16. Nc7 Rb8 17. h3 Nh6 18. e5 dxe5 19. fxe5 Nxe5 20. Bc3 Bg4 21.
hxg4 Nhxg4 22. Nd5 Qd6 23. Rb6 Nc6 24. Bxg7 Kxg7 25. Rab1 e6 26. Ne3 Qxd3 27.
Qb2+ Nf6 28. Ng4 Qf5 29. Ngh2 e5 30. Rf1 Ne4 31. Kg1 Qf4 32. Re1 Rfd8 33. Nf1
Nd4 34. Nxd4 exd4 35. Rb3 Rd7 36. Rf3 Qg4 37. Qc1 d3 38. Rf4 d2 39. Qa1+ Nf6
40. Rxg4 dxe1=Q 41. Qxe1 Nxg4 42. Qg3 Re8 43. Qxg4 f5 44. Qf3 Re4 45. Qc3+ Kh6
46. c5 Rd1 47. Qh3+ Kg7 48. Qc3+ Kh6 49. Qh3+ Kg7 50. Qc3+ Kh6 51. Qf3 Ree1
1/2-1/2

[Event "España tch - Primera B"]
[Site "Burguillos ESP"]
[Date "2010.08.11"]
[Round "3.11"]
[White "Razmyslov, Alexander"]
[Black "Alvarez Pedraza, Aramis"]
[Result "0-1"]
[WhiteElo "2435"]
[BlackElo "2496"]
[PlyCount "84"]
[EventDate "2010.08.09"]
[EventType "team"]
[EventRounds "5"]
[EventCountry "ESP"]
[Source "lmi"]
[SourceDate "2010.08.09"]
[WhiteTeam "C. A. CIRCULO MERCANTIL"]
[BlackTeam "C. E. LLEIDA"]

1. d4 Nf6 2. c4 e6 3. Nc3 Bb4 4. Qc2 c5 5. dxc5 Qc7 6. a3 Bxc5 7. b4 Be7 8. Nb5
Qc6 9. Nf3 d6 10. Nfd4 Qd7 11. e4 b6 12. f3 Bb7 13. Be3 a6 14. Nc3 Qc7 15. Rc1
Nbd7 16. Be2 O-O 17. O-O Rac8 18. Qa2 Qb8 19. Rfd1 Bd8 20. Kh1 Bc7 21. Bg1 Rfe8
22. Bf1 Kh8 23. Nb3 g5 24. c5 dxc5 25. bxc5 Bf4 26. Rc2 g4 27. fxg4 Nxc5 28.
Nxc5 bxc5 29. h3 Qe5 30. Qc4 Rg8 31. Be2 h5 32. gxh5 Nxe4 33. Nxe4 Bxe4 34. Bg4
Bxc2 35. Qxc2 Rgd8 36. Rf1 f5 37. Bf3 c4 38. Bb7 Rb8 39. Bxa6 c3 40. Qa4 Bg3
41. Qc6 Rd6 42. Qc4 Rbd8 0-1

[Event "España tch - Primera B"]
[Site "Burguillos ESP"]
[Date "2010.08.11"]
[Round "3.12"]
[White "Pozo Vera, Sandro"]
[Black "Garrido Dominguez, Jesus"]
[Result "1-0"]
[WhiteElo "2453"]
[BlackElo "2416"]
[PlyCount "119"]
[EventDate "2010.08.09"]
[EventType "team"]
[EventRounds "5"]
[EventCountry "ESP"]
[Source "lmi"]
[SourceDate "2010.08.09"]
[WhiteTeam "C. E. LLEIDA"]
[BlackTeam "C. A. CIRCULO MERCANTIL"]

1. d4 d6 2. Nf3 Nf6 3. c4 g6 4. g3 Bg7 5. Bg2 O-O 6. O-O c6 7. Nc3 Qa5 8. e4
Qh5 9. Ng5 Qxd1 10. Rxd1 e5 11. d5 cxd5 12. cxd5 h6 13. Nf3 Bd7 14. Nd2 Rc8 15.
Bf1 Na6 16. Nc4 Bf8 17. f3 Nc5 18. Ne3 Be7 19. Bd2 Ne8 20. Rdc1 Kg7 21. h4 Bd8
22. Kh2 a6 23. b4 Na4 24. Nxa4 Bxa4 25. Bh3 Rc7 26. Nc4 Re7 27. h5 Bd7 28. hxg6
fxg6 29. Bxd7 Rxd7 30. Be3 h5 31. a4 g5 32. Kg2 Rc8 33. Nb6 Rxc1 34. Rxc1 Bxb6
35. Bxb6 g4 36. Rc8 gxf3+ 37. Kxf3 Rf7+ 38. Ke3 Re7 39. Rd8 Kg6 40. a5 Kg5 41.
Kf3 Rf7+ 42. Kg2 Re7 43. Kh3 Kg6 44. Ba7 Kg5 45. Bb8 h4 46. Bxd6 Nxd6 47. gxh4+
Kf4 48. Rxd6 Kxe4 49. h5 Kf5 50. Kg3 e4 51. Kf2 Rc7 52. Re6 Kf4 53. d6 Rc2+ 54.
Ke1 Ke3 55. Kf1 Rc8 56. d7 Rc1+ 57. Kg2 Rd1 58. Re7 Kf4 59. h6 Rd2+ 60. Kf1 1-0

[Event "España tch - Primera B"]
[Site "Burguillos ESP"]
[Date "2010.08.11"]
[Round "3.13"]
[White "Herrera Delgado, Alejandro"]
[Black "Trepat Herranz, Joan"]
[Result "0-1"]
[WhiteElo "2316"]
[BlackElo "2322"]
[PlyCount "94"]
[EventDate "2010.08.09"]
[EventType "team"]
[EventRounds "5"]
[EventCountry "ESP"]
[Source "lmi"]
[SourceDate "2010.08.09"]
[WhiteTeam "C. A. CIRCULO MERCANTIL"]
[BlackTeam "C. E. LLEIDA"]

1. e4 c6 2. d4 d5 3. e5 Bf5 4. Nf3 e6 5. Be2 c5 6. Be3 cxd4 7. Nxd4 Ne7 8. Bg5
Qa5+ 9. Nc3 Nbc6 10. Bb5 Qc7 11. O-O Bg6 12. Re1 Nf5 13. Nxf5 Bxf5 14. Qf3 Bg6
15. Rad1 Be7 16. Bxe7 Qxe7 17. Rd2 Rc8 18. Qf4 O-O 19. Nd1 Qc5 20. Qa4 a6 21.
Bxc6 Rxc6 22. Ne3 b5 23. Qd4 Qxd4 24. Rxd4 Bxc2 25. Rc1 Rfc8 26. f3 Kf8 27. Kf2
a5 28. Ke1 Ke7 29. Kd2 Bg6 30. Rxc6 Rxc6 31. b4 a4 32. a3 f6 33. f4 Be4 34. g3
fxe5 35. fxe5 h5 36. h3 g5 37. g4 h4 38. Nd1 Rc2+ 39. Ke1 Ra2 40. Nc3 Rxa3 41.
Nxb5 Rxh3 42. Kd2 Rd3+ 43. Rxd3 Bxd3 44. Nd4 a3 45. Kc3 Be4 46. b5 h3 47. b6
Kd7 0-1

[Event "España tch - Primera B"]
[Site "Burguillos ESP"]
[Date "2010.08.11"]
[Round "3.14"]
[White "Adel Lahchaichi, Oussama"]
[Black "Reales Murto, Manuel Jose"]
[Result "0-1"]
[WhiteElo "2266"]
[BlackElo "2272"]
[PlyCount "122"]
[EventDate "2010.08.09"]
[EventType "team"]
[EventRounds "5"]
[EventCountry "ESP"]
[Source "lmi"]
[SourceDate "2010.08.09"]
[WhiteTeam "C. E. LLEIDA"]
[BlackTeam "C. A. CIRCULO MERCANTIL"]

1. c4 c6 2. g3 Nf6 3. Nf3 d5 4. b3 Bg4 5. Bg2 e6 6. O-O Nbd7 7. Bb2 Bd6 8. d3
O-O 9. Nbd2 Qe7 10. a3 a5 11. Qc2 Rfe8 12. e4 dxe4 13. dxe4 e5 14. h3 Bxf3 15.
Nxf3 Bc7 16. Bc3 Bd6 17. Bb2 Bc7 18. Ne1 Bb6 19. Nd3 Bd4 20. Bxd4 exd4 21. c5
Qd8 22. Rfe1 Ne5 23. Rad1 Ng6 24. Qc4 b5 25. cxb6 Qxb6 26. Nc5 Re5 27. b4 h5
28. Qxd4 h4 29. f4 Ree8 30. e5 Rad8 31. bxa5 Qc7 32. Qf2 hxg3 33. Qxg3 Nh5 34.
Qf3 Nhxf4 35. Qxc6 Qxa5 36. Nb7 Qa7+ 37. Qc5 Qxc5+ 38. Nxc5 Rxd1 39. Rxd1 Rxe5
40. Nd3 Rg5 41. Nxf4 Nxf4 42. Rd2 Nxh3+ 43. Kf1 Nf4 44. Rd8+ Kh7 45. Be4+ f5
46. Bf3 Rg3 47. Kf2 Rh3 48. a4 g5 49. Rd7+ Kg6 50. Rd6+ Kg7 51. Bb7 Ra3 52. Rd4
Kf6 53. Rc4 Nd3+ 54. Ke2 Ne5 55. Rd4 g4 56. Bc8 Ng6 57. Kf1 Nh4 58. Rd8 Rxa4
59. Rh8 g3 60. Rg8 Ra1+ 61. Ke2 g2 0-1

[Event "España tch - Primera B"]
[Site "Burguillos ESP"]
[Date "2010.08.11"]
[Round "3.21"]
[White "Peralta, Fernando"]
[Black "Marin, Mihail"]
[Result "1-0"]
[WhiteElo "2570"]
[BlackElo "2597"]
[PlyCount "81"]
[EventDate "2010.08.09"]
[EventType "team"]
[EventRounds "5"]
[EventCountry "ESP"]
[Source "lmi"]
[SourceDate "2010.08.09"]
[WhiteTeam "C. E. CERDANYOLA DEL VALLES"]
[BlackTeam "FOMENT MARTINENC"]

1. d4 Nf6 2. c4 c5 3. d5 e5 4. Nc3 d6 5. e4 Be7 6. Nf3 O-O 7. Be2 Nbd7 8. O-O
a6 9. a3 Nh5 10. b4 b6 11. Rb1 Nf4 12. Re1 Nxe2+ 13. Rxe2 f5 14. exf5 Nf6 15.
bxc5 bxc5 16. Ng5 Bxf5 17. Rb7 Re8 18. Reb2 Qc8 19. f3 Bf8 20. Nge4 Nxe4 21.
Nxe4 Bxe4 22. fxe4 Re7 23. Rxe7 Bxe7 24. h3 Qd7 25. Qg4 Qxg4 26. hxg4 Ra7 27.
Kf2 Kf7 28. Rb8 Rd7 29. Bd2 Kg6 30. Rb6 Bh4+ 31. g3 Bg5 32. Bc3 Bd8 33. Rxa6
Kg5 34. Kf3 Rf7+ 35. Kg2 Kxg4 36. Rxd6 Bf6 37. Re6 Rb7 38. d6 Rd7 39. a4 h5 40.
Bxe5 Bxe5 41. Rg6# 1-0

[Event "España tch - Primera B"]
[Site "Burguillos ESP"]
[Date "2010.08.11"]
[Round "3.22"]
[White "Llaneza Vega, Marcos"]
[Black "Lafuente, Pablo"]
[Result "0-1"]
[WhiteElo "2470"]
[BlackElo "2578"]
[PlyCount "66"]
[EventDate "2010.08.09"]
[EventType "team"]
[EventRounds "5"]
[EventCountry "ESP"]
[Source "lmi"]
[SourceDate "2010.08.09"]
[WhiteTeam "FOMENT MARTINENC"]
[BlackTeam "C. E. CERDANYOLA DEL VALLES"]

1. e4 c6 2. d4 d5 3. Nd2 dxe4 4. Nxe4 Bf5 5. Ng3 Bg6 6. h4 h6 7. Nf3 Nd7 8. h5
Bh7 9. Bd3 Bxd3 10. Qxd3 e6 11. Bd2 Ngf6 12. O-O-O Be7 13. Qe2 O-O 14. Nf1 Nb6
15. Kb1 Qd5 16. Ne3 Qe4 17. Rh4 Qh7 18. Ne5 Ne4 19. Rg4 Nxd2+ 20. Rxd2 Rad8 21.
a3 Bf6 22. Rd3 Rd6 23. Rb3 Rfd8 24. N5c4 R6d7 25. Nxb6 axb6 26. Rxb6 Bxd4 27.
Rb3 Bxe3 28. fxe3 Rd2 29. Qf3 Qxc2+ 30. Ka2 Rd1 31. a4 Qb1+ 32. Ka3 c5 33. Rc3
R1d2 0-1

[Event "España tch - Primera B"]
[Site "Burguillos ESP"]
[Date "2010.08.11"]
[Round "3.23"]
[White "Comas Fabrego, Lluis"]
[Black "Torrecillas Martinez, Antonio"]
[Result "0-1"]
[WhiteElo "2509"]
[BlackElo "2421"]
[PlyCount "74"]
[EventDate "2010.08.09"]
[EventType "team"]
[EventRounds "5"]
[EventCountry "ESP"]
[Source "lmi"]
[SourceDate "2010.08.09"]
[WhiteTeam "C. E. CERDANYOLA DEL VALLES"]
[BlackTeam "FOMENT MARTINENC"]

1. d4 Nf6 2. Nf3 g6 3. c4 Bg7 4. Nc3 O-O 5. h3 d5 6. e3 c5 7. dxc5 Qa5 8. Bd2
Qxc5 9. cxd5 Nxd5 10. Rc1 Nc6 11. Nxd5 Qxd5 12. Bc4 Qf5 13. Qb3 Na5 14. Bxa5
Qxa5+ 15. Ke2 b6 16. Rhd1 Ba6 17. Bxa6 Qxa6+ 18. Ke1 Rac8 19. a4 Bf6 20. g4
Rfd8 21. Rxd8+ Rxd8 22. Rc2 h6 23. Qb4 Kg7 24. Qe4 Rc8 25. h4 Rxc2 26. Qxc2
Qa5+ 27. Kf1 Qb4 28. g5 hxg5 29. hxg5 Bxb2 30. Qc6 a6 31. Ke2 b5 32. axb5 axb5
33. Nd2 Qg4+ 34. Nf3 b4 35. Kd3 Bc3 36. Qd5 e6 37. Qe4 Qf5 0-1

[Event "España tch - Primera B"]
[Site "Burguillos ESP"]
[Date "2010.08.11"]
[Round "3.24"]
[White "Jerez Perez, Alfonso"]
[Black "Martin Perez, Javier"]
[Result "1-0"]
[WhiteElo "2415"]
[BlackElo "2185"]
[PlyCount "119"]
[EventDate "2010.08.09"]
[EventType "team"]
[EventRounds "5"]
[EventCountry "ESP"]
[Source "lmi"]
[SourceDate "2010.08.09"]
[WhiteTeam "FOMENT MARTINENC"]
[BlackTeam "C. E. CERDANYOLA DEL VALLES"]

1. c4 c6 2. e4 d5 3. exd5 cxd5 4. d4 Nf6 5. Nc3 e6 6. Nf3 Be7 7. cxd5 Nxd5 8.
Bd3 Nc6 9. O-O O-O 10. Re1 Bf6 11. Be4 Nce7 12. Qd3 g6 13. Bh6 Bg7 14. Qd2 Qd6
15. Bxg7 Kxg7 16. Ne5 Rd8 17. Rad1 Bd7 18. Qh6+ Kxh6 19. Nxf7+ Kg7 20. Nxd6 Bc6
21. Bxd5 Nxd5 22. Nde4 Nxc3 23. Nxc3 Kf7 24. f3 Rd7 25. Rd2 b5 26. a3 a5 27.
Ne4 Bxe4 28. fxe4 Rc8 29. Kf2 b4 30. axb4 axb4 31. Ke3 Ke7 32. Ra1 Rb7 33. Ra5
Rc1 34. Rc5 Re1+ 35. Kd3 Kd6 36. e5+ Ke7 37. Rc4 Rf1 38. Ke2 Rg1 39. Kf2 Rb1
40. h3 Kd8 41. Ke2 Kd7 42. Ke3 Re1+ 43. Re2 Rf1 44. Rf2 Rxf2 45. Kxf2 Rb8 46.
Ke3 h5 47. h4 b3 48. Rc3 Rb4 49. Ke4 Kd8 50. Rg3 Rc4 51. Rxb3 Rc2 52. g3 Re2+
53. Kf4 Rd2 54. Kg5 Rxd4 55. Kxg6 Re4 56. Kxh5 Rxe5+ 57. Kg6 Ke7 58. Rb7+ Ke8
59. Kf6 Re3 60. g4 1-0